000 00355nam a2200145Ia 4500
008 191201s2009 xx 000 0 und d
082 _a658.814
_bSHE
100 _aSHARMA,DP
245 0 _aE-Retailing Principles and Practice
250 _a1st
260 _aN.Delhi
_bHimalaya Publication House
_c2009
300 _a388
650 _aMBA
942 _2ddc
_cBK
999 _c4293
_d4293